Roark's Formulas for Stress and Strain (Record no. 7310)

MARC details
000 -LEADER
fixed length control field 00413nam a2200133 4500
082 ## - DEWEY DECIMAL CLASSIFICATION NUMBER
Classification number 624.1760212YOU
100 ## - MAIN ENTRY--AUTHOR NAME
Personal name Young, Warren C.
245 ## - TITLE STATEMENT
Title Roark's Formulas for Stress and Strain
250 ## - EDITION STATEMENT
Edition statement 6th ed.
260 ## - PUBLICATION, DISTRIBUTION, ETC. (IMPRINT)
Place of publication New York:
Name of publisher McGraw-Hill,
Year of publication 1989.
300 ## - PHYSICAL DESCRIPTION
Number of Pages 763p. ;
856 ## - ELECTRONIC LOCATION AND ACCESS
Uniform Resource Identifier http://books.google.com.pk/books/about/Roark_s_Formulas_for_Stress_and_Strain.html?id=pummClLoFXEC&redir_esc=y
942 ## - ADDED ENTRY ELEMENTS (KOHA)
Koha item type Books
Holdings
Withdrawn status Lost status Home library Current library Date acquired Full call number Accession Number Koha item type
    Seminar Library, Civil Engg. Seminar Library, Civil Engg. 19/06/2014 624.1760212YOU 25617 Books